000 00998nam0a22002771 4500
001 RU\INFOCOMM_322\NLR\5000129119
005 20250613105320.0
035 _a(NLR Aleph) 009525358
090 _a8853333
_c8853333
100 _a20130109d1985 |||y0rusy50 ca
101 0 _aeng
102 _aRU
105 _ay z |||||
200 1 _aToxigenic penicillia occurring in feeds and foods, with special reference to mould-fermented sausage and cheese
_fL. Leistner
_gFAO, UNEP, USSR Intern. training course "Training activities on food contamination control a. monitoring with spec. ref. to mycotoxins"
210 _aM.
_cCentre of intern. projects, GKNT
_d1985
215 _a10 с.
_d21 см
320 _aБиблиогр.: с. 9-10
620 _aМосква
686 _aР123.851.3-4
_2rubbk
686 _aР123.852-4
_2rubbk
700 1 _aLeistner
_bL.
_gLászló
801 1 _aRU
_bInfocomm
_c20130109
801 0 _aRU
_bINFOCOMM
_gPSBO
852 _aNLR
_jМд97 Д-4/913
942 _cBOOK
980 _aNB